00476nam a2200181 a 4500001001300000003000900013005001700022008004100039020000900080082001900089100002800108245002100136260004400157300000800201500003500209650002200244700002800266nice12345678IN_TiNIC20260116013432.0070824s1989 bana grp 000 0 urd  ac1500a297.1228bNAD8 aNadvi, Mohd Shahabuddin aQuran Ka Paigham aBangalorebFurqania Academy Trustc1989 a86p aincludes index and biblioraphy aQuran and Society1 aNadvi, Mohd Shahabuddin